000 00756nam a2200289Ia 4500
005 20260324112404.0
008 008 260324s9999 xx 000 0 eng d
020 _a9781032646657
037 _aEBOOK
040 _aCRL
040 _beng
040 _cCRL
041 _2eng
041 _aeng
084 _qCRL
100 _aTom Coughlan; David J. Fogarty; Gary Bernstein; Lynda Wilson
_91142492
245 0 _aManaging at a Distance
245 2 _bA Manager’s Guide to the Challenges of the Hybrid and Remote World
260 _bTaylor and Francis
260 _c2024
365 _a
365 _b230
856 _uhttp://www.taylorfrancis.com/books/9781032646657
942 _cEBOOK
999 _c1731681
_d1731681